• 首页
  • 本馆介绍
  • 公告通知
  • 最新文献
  • 馆藏检索
  • 电子资源
  • 读者导购
  • 参考咨询
  • 我的图书馆
  • 登录
  • 详细信息显示
  • 放入我的书架
  • 预约/预借图书
  • 作者相关作品
  • 分类相关作品
  • 丛书相关作品
  • 出版社相关作品

书目信息

  • 表格格式
  • 工作单格式
  • 卡片格式
书名: The social shaping of technology
作者: edited by Donald MacKenzie and Judy Wajcman
分册号:
分册名:
出版地: Buckingham [Eng.] ;
 
出版社: Open University Press
出版时间: c1985.
页数: 327 p. :
开本: 24 cm.
丛书名:
中图分类号:
科图分类号:
其他分类号: T-1
主题词:
电子资源:
000 01086nam 2200337 a 4500
001 E0741033705
003 OCoLC
005 20070518112814.59
008 001 0 eng
008 uu
010    @a98041239
015    @aGB99-50013
020    @a0-335-15027-6.
020    @a0335199135 (pbk.).
040    @aDLC @cDLC @dC#P @dUKM
049    @aN5LA
050 00 @aT14.5 @b.S6383 1999
082 00 @a306.4/6 @221
090    @a2-2000/T-1/S678/1999//////1274085
090    @aT-1
096    @aT-1 @v4
099    @dT-1@ex3
245 04 @aThe social shaping of technology / @cedited by Donald MacKenzie and Judy Wajcman
260    @aBuckingham [Eng.] ;@aPhiladelphia :@bOpen University Press,@cc1985.
300    @a327 p. :@bill. ;@c24 cm.
504    @aIncludes bibliographical references and index.
650  0 @aTechnology @xSocial aspects.
650  4 @aTechnology @xSocial aspects.
700 1  @aWajcman, Judy. @b00 @c20020930 @lNLC09 @h2254 @lNLC09 @h0034 @lNLC09 @h2031
700 1  @aMacKenzie, Donald A.
852 9  @bWWJC @cJ09 @k2-2000 @hT-1 @iS678/1999
    
    The social shaping of technology / / edited by Donald MacKenzie and Judy Wajcman.-Buckingham [Eng.] ; ; Philadelphia : : Open University Press, , c1985.
    327 p. : : ill. ; ; 24 cm.
    Includes bibliographical references and index.
    
    ISBN 0-335-15027-6.
    
●
相关链接 在E读中查询图书 在五车中查询图书 在当当中查询图书 在豆瓣中查询图书


正题名:social shaping of technology     索取号:T-1/x3         预约/预借

序号 登录号 条形码 馆藏地/架位号 状态 备注
1 9991   300099916   第二样本阅览室/ [索取号:T-1/x3] 在馆    
唐山师范学院图书馆 欢迎您!
大连网信软件有限公司© 版权所有